000 00340nam a22001217a 4500
008 160422b xxu||||| |||| 00| 0 eng d
020 _a9780133026184
020 _a0133026183
041 _aeng
080 _a615:618.2
245 _aPharmacology for nursing :
_cMichael Patrck Adams; Leland Norman Holland; Carol Quam Urban;
942 _2udc
_cBK
999 _c1531
_d1531